| 000 | 00880nac a22002771u 4500 | ||
|---|---|---|---|
| 010 | _a 91071308 | ||
| 020 | _a0674241304 (pbk.) | ||
| 082 | 0 | 0 |
_a939.78 _bTAY |
| 090 |
_c9361 _d9361 |
||
| 100 | _aTaylor, John H., | ||
| 245 | 1 | 0 |
_aEgypt and Nubia / _cJohn H. Taylor. |
| 260 |
_aCambridge, Mass. : _bHarvard University Press,c.1991. _cc.1991. |
||
| 300 |
_a72 p. ; _c22 cm. |
||
| 500 | _aOn cover: British Museum. | ||
| 500 | _aDistributer: Al-Ahram. | ||
| 504 | _aIncludes bibliographical references (p. 71) and index. | ||
| 511 | _aCatalogued By: Mahitab. | ||
| 651 | 0 |
_aNubia _xHistory. |
|
| 651 | 0 |
_aNubia _xRelations _zEgypt. |
|
| 651 | 0 |
_aEgypt _xRelations _zNubia. |
|
| 710 | 2 | _aBritish Museum. | |
| 942 |
_cBB _k939.78TAY _hRDA-MOD |
||
| 999 |
_c9361 _d9361 |
||
| 336 |
_2rdacontent _atext _btxt |
||
| 337 |
_aunmediated _2rdamedia _bn |
||
| 338 |
_avolume _bnc _2rdacarrier |
||